| 000 | 00366nam a2200121Ia 4500 | ||
|---|---|---|---|
| 008 | 220620s9999||||xx |||||||||||||| ||und|| | ||
| 245 | 0 | _aWavelet Transform and Complexity | |
| 546 | _aEnglish[eng] | ||
| 650 | _aApplied mathematics | ||
| 700 | _aBaleanu, Dumitru | ||
| 856 | _uhttps://mts.intechopen.com/storage/books/7653/authors_book/authors_book.pdf | ||
| 942 | _cEB | ||
| 999 |
_c23532 _d23532 |
||